MARC details
| 000 -LEADER |
| campo de control de longitud fija |
02781cam a2200373 i 4500 |
| 003 - IDENTIFICADOR DE NÚMERO DE CONTROL |
| campo de control |
BJBSDDR |
| 005 - FECHA Y HORA DE LA ÚLTIMA TRANSACCIÓN |
| campo de control |
20230411090727.0 |
| 007 - CAMPO FIJO DE DESCRIPCIÓN FÍSICA--INFORMACIÓN GENERAL |
| campo de control de longitud fija |
ta |
| 008 - DATOS DE LONGITUD FIJA--INFORMACIÓN GENERAL |
| campo de control de longitud fija |
150515s2016 nju b 001 0 eng |
| 020 ## - NÚMERO INTERNACIONAL ESTÁNDAR DEL LIBRO |
| Número Internacional Estándar del Libro |
9780691157184 (hardcover : alk. paper) |
| 040 ## - FUENTE DE CATALOGACIÓN |
| Centro catalogador/agencia de origen |
DLC |
| Lengua de catalogación |
eng |
| Centro/agencia transcriptor |
DLC |
| 041 ## - CÓDIGO DE IDIOMA |
| Código de lengua del texto/banda sonora o título independiente |
spa |
| 042 ## - CÓDIGO DE AUTENTICACIÓN |
| Código de autenticación |
pcc |
| 050 14 - SIGNATURA TOPOGRÁFICA DE LA BIBLIOTECA DEL CONGRESO |
| Número de clasificación |
B 146 |
| Número de ítem |
V225p 2016 |
| 082 00 - NÚMERO DE LA CLASIFICACIÓN DECIMAL DEWEY |
| Número de clasificación |
181/.6 |
| Número de edición |
23 |
| 100 1# - ENTRADA PRINCIPAL--NOMBRE DE PERSONA |
| Nombre de persona |
Van de Mieroop, Marc |
| 245 10 - MENCIÓN DEL TÍTULO |
| Título |
Philosophy before the Greeks : |
| Resto del título |
the pursuit of truth in ancient Babylonia / |
| Mención de responsabilidad, etc. |
Marc Van De Mieroop. |
| 264 #1 - PRODUCCIÓN, PUBLICACIÓN, DISTRIBUCIÓN, FABRICACIÓN Y COPYRIGHT |
| Producción, publicación, distribución, fabricación y copyright |
Princeton : |
| Nombre del de productor, editor, distribuidor, fabricante |
Princeton University Press, |
| Fecha de producción, publicación, distribución, fabricación o copyright |
[2016] |
| 300 ## - DESCRIPCIÓN FÍSICA |
| Extensión |
viii, 297 pages ; |
| Dimensiones |
25 cm |
| 336 ## - TIPO DE CONTENIDO |
| Término de tipo de contenido |
text |
| Código de tipo de contenido |
txt |
| Fuente |
rdacontent |
| 337 ## - TIPO DE MEDIO |
| Nombre/término del tipo de medio |
unmediated |
| Código del tipo de medio |
n |
| Fuente |
rdamedia |
| 338 ## - TIPO DE SOPORTE |
| Nombre/término del tipo de soporte |
volume |
| Código del tipo de soporte |
nc |
| Fuente |
rdacarrier |
| 504 ## - NOTA DE BIBLIOGRAFÍA, ETC. |
| Nota de bibliografía, etc. |
Includes bibliographical references (pages 258-289) and index. |
| 505 ## - NOTA DE CONTENIDO CON FORMATO |
| Nota de contenido con formato |
Part I. An essay in Babylonian epistemology --<br/>At the time of creation --<br/>Part II. The order of things (les mots et les choses) --<br/>Word lists : a very short history --<br/>Constructing reality --<br/>Part III. Writings of the gods --<br/>Omen lists in Babylonian culture --<br/>The structure of knowledge of the universe --<br/>Part IV. The word of the law --<br/>Of ancient codes --<br/>The philosopher-king --<br/>Part V.A Babylonian epistemology --<br/>Babylonian epistemology in history --<br/>The conceptual autonomy of Babylonian epistemology. Title --<br/>Copyright --<br/>Contents --<br/>Preface --<br/>PART I AN ESSAY IN BABYLONIAN EPISTEMOLOGY --<br/>CHAPTER 1: At the Time of Creation --<br/>PART II THE ORDER OF THINGS (LES MOTS ET LES CHOSES) --<br/>CHAPTER 2: Word Lists: A Very Short History CHAPTER 3: Constructing Reality PART III WRITINGS OF THE GODS --<br/>CHAPTER 4: Omen Lists in Babylonian Culture --<br/>CHAPTER 5: The Structure of Knowledge of the Universe --<br/>PART IV THE WORD OF THE LAW CHAPTER 6: Of Ancient Codes CHAPTER 7: The Philosopher-King --<br/>PART V A BABYLONIAN EPISTEMOLOGY --<br/>CHAPTER 8: Babylonian Epistemology in History CHAPTER 9: The Conceptual Autonomy of Babylonian Epistemology Notes --<br/>Bibliography --<br/>Index |
| 520 ## - RESUMEN, ETC. |
| Sumario, etc. |
In this intellectual history, historian of the ancient Near East Marc Van de Mieroop argues that, for three millennia preceding the Greeks, there were Babylonian philosophers who systematically studied knowledge--about language, divination, and the law--using a coherent system of logic rooted in practices of cuneiform script.--From publisher description. |
| 650 #0 - PUNTO DE ACCESO ADICIONAL DE MATERIA--TÉRMINO DE MATERIA |
| Término de materia o nombre geográfico como elemento de entrada |
Philosophy, Babylonian. |
| 650 #0 - PUNTO DE ACCESO ADICIONAL DE MATERIA--TÉRMINO DE MATERIA |
| Término de materia o nombre geográfico como elemento de entrada |
Knowledge, Theory of |
| Subdivisión geográfica |
Iraq |
| -- |
Babylonia. |
| 650 #4 - PUNTO DE ACCESO ADICIONAL DE MATERIA--TÉRMINO DE MATERIA |
| Término de materia o nombre geográfico como elemento de entrada |
Filosofía babilónica |
| 9 (RLIN) |
18004 |
| 650 #4 - PUNTO DE ACCESO ADICIONAL DE MATERIA--TÉRMINO DE MATERIA |
| Término de materia o nombre geográfico como elemento de entrada |
Conocimiento, Teoria del |
| 9 (RLIN) |
11607 |
| 906 ## - ELEMENTOS DE DATOS F LOCAL, LDF (RLIN) |
| a |
7 |
| b |
cbc |
| c |
orignew |
| d |
1 |
| e |
ecip |
| f |
20 |
| g |
y-gencatlg |
| 942 ## - ELEMENTOS DE ENTRADA SECUNDARIOS (KOHA) |
| Fuente del sistema de clasificación o colocación |
Clasificación de Library of Congress |
| Tipo de ítem Koha |
Libro |
| 946 ## - PROCESAMIENTO DE INFORMACIÓN LOCAL (OCLC) |
| Iniciales del agente catalogador |
YSL |